Winter Transfers 23/24 Ligue 1 - Statistics

General Stats
  • This quiz has been taken 23 times
  • The average score is 10 of 18
Answer Stats
From To Fee Nation Answer % Correct
West Ham Lyon LOAN+6M Algeria Said Benrahma
86%
Sao Paulo PSG 20M Brazil Lucas Beraldo
76%
Nottingham Lyon LOAN+11M Belgium Orel Mangala
76%
Crystal Palace Le Havre FREE Ghana Andre Ayew
71%
Chelsea Strasbourg LOAN Brazil Andrey Santos
71%
Ajax Metz LOAN Georgia Georges Mikautadze
71%
West Ham Monaco LOAN+500k Germany Thilo Kehrer
71%
Gent Lyon 12M Nigeria Gift Orban
67%
Real Sociedad Nice 10M France Mohamed-Ali Cho
62%
Stade Rennais Lyon 2M Serbia Nemanja Matic
62%
Nantes Marseille 10M France Quentin Merlin
57%
Stade Reims Stade Rennais 15M Netherlands Azor Matusiwa
48%
Young Boys Marseille 4M Switzerland Ulisses Garcia
48%
Watford Lorient LOAN Morocco Imran Louza
43%
Besiktas Marseille LOAN Cameroon Jean Onana
38%
Besiktas Nice LOAN France Valentin Rosier
38%
Gent Lyon 17M Belgium Malick Fofana
33%
Torino Montpellier LOAN France Yann Karamoh
29%
No matching quizzes found
Score Distribution
Percent of People with Each Score
Percentile by Number Answered
Your Score History
You have not taken this quiz